[Event "POL-chT 2 Liga 2019"]
[Site "Poronin"]
[Date "2019.09.09"]
[Round "3.45"]
[White "Fudalej, Michal"]
[Black "Gumula, Daniel"]
[Result "0-1"]
[WhiteElo "2235"]
[BlackElo "2193"]
[Annotator "TA"]
[PlyCount "62"]
[EventDate "2019.09.07"]
[EventType "team-tourn"]
[EventCountry "POL"]
[SourceTitle "playchess.com"]
[Source "ChessBase"]
[SourceQuality "1"]

{[%evp 9,61,33,35,1,36,35,41,31,43,-33,60,56,64,47,79,2,126,77,83,62,63,65,80,79,77,80,66,-7,41,16,10,0,0,-340,-350,-448,-436,-412,-200,-177,-165,-173,-177,-416,-407,-391,-381,-1604,-886,-29994,-1553,-2646,0,-29994]} 1. d4 g6 2. e4 Bg7 3. Nc3 c5 4. d5 d6 5. Bg5 Nf6 6. Qd2 {A43: Schmid Benoni} (6. Bb5+ Nfd7 7. a4 O-O 8. Nf3 Na6 9. O-O Nc7 10. Re1 Nxb5 11. axb5 a6 12. Qd2 Re8 13. h3 {1-0 (31) Le,Q (2712)-Nakamura,H (2775) Dubai 2014}) 6... O-O 7. Bh6 Bxh6 8. Qxh6 {White is slightly better.} e6 9. Bc4 $146 ({Better is} 9. Nf3 $14) ({Predecessor:} 9. O-O-O exd5 10. exd5 a6 11. h4 {0-1 (53) Zajtzeva,V (1981)-Lopukhin,A (2312) Kaluga 2016}) 9... b5 (9... a6 $1 $15) 10. Bxb5 $14 ({Much weaker is} 10. Nxb5 exd5 11. exd5 Nbd7 $15) 10... exd5 11. exd5 Ba6 12. O-O-O (12. Bxa6 $16 Nxa6 13. O-O-O) 12... Qb6 (12... Bxb5 $11 {keeps the balance.} 13. Nxb5 Nbd7) 13. Qf4 Nbd7 14. Qa4 Bxb5 15. Qxb5 Qd8 16. Nf3 Rb8 17. Qa6 Rb6 18. Qxa7 (18. Qf1 $14) 18... Qc8 $1 $11 {[#] Hoping for ...Ra6.} 19. Qa4 Rb4 20. Qa7 Rb6 $1 $36 {[%cal Rb6a6][%mdl 2048] And now ...Ra6 would win. Black is more active.} 21. Qa5 $2 {[%mdl 8192]} (21. Qa4 $11 {and White has nothing to worry.}) 21... Qb7 $19 22. Qa3 {b3 would now be nice for White.} Ra8 23. Na4 Rba6 (23... Rb4 $142 24. b3 Ne4) 24. b3 Nb6 {White must now prevent ...Ne4.} 25. Qb2 Ne4 26. Nc3 $2 (26. Nxb6 Rxa2 27. Nxa8 Rxb2 28. Kxb2 Nxf2 {[%mdl 64] Double Attack} 29. h3) 26... Nxc3 27. Qxc3 {If only White now had time for a4....} Rxa2 28. Qf6 $2 (28. Rhe1 Nxd5 29. Rxd5 Qxd5 30. Qc4 Qxc4 31. bxc4) 28... Nxd5 29. Qxd6 Nc3 (29... Qb4 $142 30. Qd8+ Rxd8 31. Rxd5 Rxd5 32. Nd4 Qxd4 33. c3 Qxc3+ {[%mdl 64] Double Attack} 34. Kb1 Qc2#) 30. Kd2 Nd5 {[#]} (30... Ne4+ $19 31. Ke2 Nxd6) 31. Kc1 $1 {Accuracy: White = 24%, Black = 40%.} Qb4 0-1

[Event "POL-chT 2 Liga 2019"]
[Site "Poronin"]
[Date "2019.09.09"]
[Round "3.46"]
[White "Garbowski, Jakub"]
[Black "Maciol, Ryszard"]
[Result "1-0"]
[WhiteElo "2052"]
[BlackElo "2165"]
[Annotator "TA"]
[PlyCount "63"]
[EventDate "2019.09.07"]
[EventType "team-tourn"]
[EventCountry "POL"]
[SourceTitle "playchess.com"]
[Source "ChessBase"]
[SourceQuality "1"]

{[%evp 27,63,48,82,89,92,70,71,65,83,78,136,0,0,-172,31,0,0,0,0,0,0,0,0,0,0,0,-11,-7,-5,-20,90,94,202,187,498,500,29997,29998]} 1. e4 e6 2. d4 d5 3. Nd2 c5 4. exd5 Qxd5 5. Ngf3 cxd4 6. Bc4 Qd6 7. O-O Nf6 8. Nb3 Nc6 9. Nbxd4 Nxd4 10. Nxd4 a6 11. Re1 Qc7 12. Bb3 Bd6 13. Nf5 Bxh2+ 14. Kh1 Kf8 15. Qd4 {C07: French Tarrasch: 3...c5, 4 Ngf3 and 4 exd5 Qxd5} h6 16. g3 exf5 17. Bf4 {White is better.} Qc6+ 18. Kxh2 {[#] Threatening mate with Qd8+.} Bd7 $146 (18... Kg8 $142) ({Predecessor:} 18... Kg8 19. Re7 Be6 20. Bxe6 fxe6 21. Be5 Rh7 22. Rd1 Nd5 23. Rxg7+ Rxg7 24. Bxg7 Qxc2 25. Bxh6 {1-0 (77) Beliavsky,A (2640)-Hertneck,G (2535) Munich 1991}) 19. Qb4+ (19. Be5 $1 $16) 19... Kg8 $11 20. Qe7 $2 (20. Re7 $11 {and White stays safe.} Qf3 21. Rxf7 (21. Bxf7+ Kh7 $17) 21... Ng4+ {[%mdl 64] Double Attack} 22. Kh3 Nxf2+ 23. Kh2 $1 {[%mdl 512]} Ng4+ 24. Kh3 $1 {[%mdl 512]} Nf2+ 25. Kh2 $1 {[%mdl 512]} Ng4+ 26. Kh3 $1 {[%mdl 512]} Nf2+) 20... Be8 $2 (20... Re8 $19 21. Bxf7+ (21. Qxf7+ $2 Kh7 $19) 21... Kh7) 21. Rad1 Qf3 22. Qe2 Bc6 {[%csl Gc6][%cal Rf3g2]} 23. Qxf3 Bxf3 24. Rd6 Be4 25. f3 Bxf3 26. Re7 Ng4+ 27. Kg1 $132 {[%mdl 2048] White has counterplay} Rf8 28. Rdd7 {[%cal Rb3f7]} Kh7 (28... Nf6 $11 {remains equal.} 29. Rd6 Be4) 29. Bxf7 $16 {Strongly threatening Bd5!} Nf6 {[#]} (29... Rd8 $16 {was worth a try.}) 30. Rc7 $1 $18 {[%mdl 1024] Be5 is the strong threat. White has strong compensation.} Be4 $2 (30... Rxf7 31. Rxf7 Ne8) 31. Be5 h5 {[#]} (31... Rc8 $18 32. Rxc8 Rxc8 33. Bxf6 Rxc2) 32. Bg6+ $1 {[%mdl 512] Accuracy: White = 70%, Black = 29%.} 1-0

[Event "POL-chT 2 Liga 2019"]
[Site "Poronin"]
[Date "2019.09.09"]
[Round "3.47"]
[White "Kolasinski, Krzysztof"]
[Black "Siedlinski, Piotr"]
[Result "1-0"]
[WhiteElo "2104"]
[BlackElo "2062"]
[Annotator "TA"]
[PlyCount "45"]
[EventDate "2019.09.07"]
[EventType "team-tourn"]
[EventCountry "POL"]
[SourceTitle "playchess.com"]
[Source "ChessBase"]
[SourceQuality "1"]

{[%evp 13,45,15,42,12,40,42,58,59,68,32,40,21,35,8,28,20,49,16,17,20,39,33,94,92,273,272,460,453,29988,29989,29993,29990,29994,29995]} 1. d4 d5 2. c4 e6 3. Nc3 Be7 4. cxd5 exd5 5. Bf4 c6 6. e3 Bf5 7. g4 Bg6 8. h4 {Black must now prevent h5. D31: Queen's Gambit Declined: Semi-Slav without ...Nf6 (+ Marshall Gambit and Noteboom) and Exchange Variation lines without ...Nf6} h5 (8... h6 9. h5 Bh7 10. Bd3 Bxd3 11. Qxd3 Nf6 12. f3 Bd6 13. Nge2 Bxf4 14. Nxf4 Qd6 15. O-O-O Nbd7 {1-0 (38) Vitiugov,N (2722)-Zhou,J (2668) Ningbo 2010}) 9. g5 Qb6 10. Qd2 {White is slightly better.} Bb4 $146 ({Predecessor:} 10... Qd8 11. Nf3 Bd6 12. Ne5 Ne7 13. Be2 a5 14. Qd1 a4 15. Nxa4 Bb4+ {½-½ (27) Plazuelo Pascual,J (2162)-Pastor Alonso de Prado,E (2131) Madrid 2015}) 11. Bd3 Ne7 12. Nge2 Nd7 13. a3 Bxc3 14. bxc3 {With the idea Rb1.} Qa5 15. Bd6 Bxd3 16. Qxd3 Nc8 17. Bb4 Qa4 {[#]} (17... Qc7 $1 $14 18. g6 Nf6) 18. g6 $1 $36 {[%cal Rg6f7][%mdl 2048] Black is under strong pressure.} a5 $2 (18... f6 $16 {is a better defense.}) 19. gxf7+ $18 Kxf7 $2 (19... Kd8 {keeps fighting.}) 20. Qf5+ Nf6 (20... Ke8 $18 21. Rg1 axb4) 21. Nf4 {[%csl Gf4][%cal Rf5e6] White mates.} Re8 22. Qg6+ Kg8 {[#]} 23. Rg1 $1 {[%mdl 512] Accuracy: White = 55%, Black = 24%.} 1-0

[Event "POL-chT 2 Liga 2019"]
[Site "Poronin"]
[Date "2019.09.09"]
[Round "3.48"]
[White "Guzik, Jolanta"]
[Black "Dmochowska, Agnieszka"]
[Result "1/2-1/2"]
[WhiteElo "2012"]
[BlackElo "2110"]
[Annotator "TA"]
[PlyCount "87"]
[EventDate "2019.09.07"]
[EventType "team-tourn"]
[EventCountry "POL"]
[SourceTitle "playchess.com"]
[Source "ChessBase"]
[SourceQuality "1"]

{[%evp 9,87,-40,-7,-25,0,-18,0,-6,0,-12,9,0,12,11,60,14,31,25,25,10,14,-67,-20,-45,32,25,22,24,24,34,47,8,44,41,43,31,43,10,8,20,45,47,58,53,78,74,77,0,0,-21,-26,-77,-34,-97,-87,-93,-91,-140,-106,-111,0,0,0,0,-11,-35,0,0,0,0,0,0,0,0,0,0,0,0,13,8]} 1. c4 e6 2. Nc3 Bb4 3. Qc2 c5 4. a3 Ba5 (4... Bxc3 5. Qxc3 Qf6 6. Qxf6 Nxf6 7. b4 b6 8. Nf3 Nc6 9. Rb1 d6 10. e3 e5 11. bxc5 bxc5 {½-½ (54) Giri,A (2764)-Kramnik,V (2789) Leuven 2017}) 5. e4 $146 ({Predecessor:} 5. Nf3 Nc6 6. e3 d5 7. Na4 Bb6 8. cxd5 Qxd5 9. Bc4 Qf5 10. Bd3 Qh5 11. Be2 Nf6 12. b4 e5 13. d3 O-O 14. Nxc5 Bg4 {½-½ (14) Molner,M (2491)-Akobian,V (2617) Los Angeles 2012}) 5... Nc6 6. Nf3 {A13: English Opening: 1...e6} d6 7. g3 Nf6 8. Bg2 O-O 9. O-O Bc7 10. Re1 Ng4 11. d3 f5 12. Be3 Qf6 13. exf5 Qxf5 14. Ne4 Qh5 15. Ned2 (15. Qe2 $11) 15... Nce5 16. h3 Nxf3+ (16... Nxe3 $15 17. Rxe3 Nc6) 17. Nxf3 $14 Nxe3 18. Rxe3 Bd7 19. Qe2 Rae8 20. Rd1 Ba4 21. b3 Bd7 22. d4 Bb6 23. d5 {[%cal Rd5e6]} e5 $1 24. Nd2 Qh6 25. h4 Bd8 26. Ne4 g5 27. hxg5 Bxg5 28. Nxg5 (28. Rf3 $16) 28... Qxg5 $11 29. Rc1 Bg4 30. Qc2 (30. Qe1 $11 {remains equal.}) 30... Qh5 31. Qc3 (31. Qd2 $15) 31... Rf6 $17 32. f3 Bd7 33. Rce1 Rh6 34. Kf2 Rf8 (34... Qg5 $17 {Threatening ...Rg6.} 35. Qd2 (35. f4 Rf8 $17) 35... Rg6) 35. Rh1 $11 Qg5 36. Rxh6 Qxh6 37. Re4 Qg5 (37... Qg6 $5 {[%cal Rg6e4]} 38. Rh4 Bg4 $11) 38. Qe3 {The position is equal.} Qg6 39. b4 b6 (39... Bf5 $5 40. Rh4 $8 cxb4 $14) 40. Rh4 {Black must now prevent bxc5.} Rf6 41. bxc5 Qc2+ 42. Kg1 {[#] And now cxd6 would win.} bxc5 43. Bf1 {next Bd3! is good for White.} Rg6 44. f4 {Accuracy: White = 44%, Black = 39%.} 1/2-1/2

[Event "POL-chT 2 Liga 2019"]
[Site "Poronin"]
[Date "2019.09.09"]
[Round "3.49"]
[White "Rudolf, Michal"]
[Black "Kumala, Aleksander"]
[Result "1/2-1/2"]
[WhiteElo "2342"]
[BlackElo "2203"]
[Annotator "TA"]
[PlyCount "45"]
[EventDate "2019.09.07"]
[EventType "team-tourn"]
[EventCountry "POL"]
[SourceTitle "playchess.com"]
[Source "ChessBase"]
[SourceQuality "1"]

{[%evp 9,45,31,35,48,35,35,54,60,53,60,45,45,59,68,62,54,58,46,64,54,62,48,48,41,42,7,8,9,26,10,43,20,25,23,21,24,22,30]} 1. d4 e6 2. c4 b6 3. e4 Bb7 4. Bd3 Bb4+ 5. Bd2 Bxd2+ 6. Qxd2 {A40: Unusual replies to 1 d4} f5 7. Nc3 fxe4 8. Bxe4 {White is slightly better.} Bxe4 9. Nxe4 Nf6 10. Nc3 O-O 11. Nf3 c5 12. O-O cxd4 13. Nxd4 a6 $146 14. b3 Qc7 15. Rad1 Nc6 16. Nxc6 Qxc6 17. Qd6 Qxd6 18. Rxd6 Rab8 19. Rfd1 Rfc8 20. a4 Kf7 21. g4 {Strongly threatening g5.} g5 22. f3 Rb7 23. Kf2 {Accuracy: White = 71%, Black = 77%.} 1/2-1/2

[Event "POL-chT 2 Liga 2019"]
[Site "Poronin"]
[Date "2019.09.09"]
[Round "3.50"]
[White "Kasperek, Ryszard"]
[Black "Markowski, Damian"]
[Result "0-1"]
[WhiteElo "2213"]
[BlackElo "2215"]
[Annotator "TA"]
[PlyCount "74"]
[EventDate "2019.09.07"]
[EventType "team-tourn"]
[EventCountry "POL"]
[SourceTitle "playchess.com"]
[Source "ChessBase"]
[SourceQuality "1"]

{[%evp 11,74,48,94,90,91,33,45,40,57,46,63,11,28,18,47,45,52,0,0,-5,1,-8,1,2,39,48,39,35,49,43,170,56,40,35,145,126,116,0,0,0,0,-11,-8,-13,16,-470,-457,-526,-518,-487,-290,-310,-310,-296,-308,-339,-312,-395,-388,-592,-585,-656,-656,-29982,-29983]} 1. e4 d6 2. d4 Nf6 3. Nc3 g6 4. f4 c6 5. Nf3 Bg7 6. Bd3 Nbd7 {[#]} 7. e5 $1 {[%cal Re5f6] B09: Pirc Defence: Austrian Attack} Nd5 8. h4 (8. O-O $16) 8... Nb4 $146 ({Predecessor:} 8... Nxc3 9. bxc3 Nb6 10. Ng5 h6 11. Ne4 h5 12. Ng5 Bg4 13. Qd2 Qd7 14. O-O O-O {½-½ (76) Cawdery,D (2235)-Cekro,E (2416) Turin 2006}) 9. h5 {White is slightly better.} Nxd3+ 10. Qxd3 Nb6 11. Be3 (11. h6 $14 Bf8 12. a4) 11... Bf5 $11 12. Qe2 Qd7 13. h6 Bf8 14. exd6 (14. O-O-O $14) 14... Qxd6 15. O-O-O Nd5 16. Nxd5 Qxd5 17. Kb1 Bg4 18. c4 $36 {[%mdl 2048] White fights for an advantage.} Qe4+ 19. Ka1 e6 20. Qd2 {aiming for d5.} a5 ({Better is} 20... f6 $14) 21. d5 (21. Ng5 $18 Qf5 22. d5 Bxd1 23. dxe6 fxe6 24. Rxd1) 21... Bb4 $1 $14 {[%cal Rb4d2]} 22. Qf2 O-O ({Wrong is} 22... Qxc4 $2 23. Ne5 $18) ({Black should try} 22... exd5 $14 23. cxd5 O-O) 23. Rd4 Qf5 {[%cal Re6d5] [#]} 24. Ne5 (24. dxc6 $1 $16 bxc6 25. Ne5) 24... c5 $1 $11 {[%cal Rc5d4]} 25. Rd2 Bxd2 26. Bxd2 {Hoping for Qh4.} f6 27. Nd7 $1 {[%cal Rd7f8]} Rfd8 28. Nxf6+ $2 {[%mdl 8192]} (28. Nb6 $11 exd5 29. Qxc5 (29. Nxa8 dxc4 30. Qe3 Qd7 $15) 29... dxc4 30. Qe7) 28... Qxf6 $19 29. Bc3 Qf8 30. dxe6 Rd4 (30... Rd3 $142 31. Rb1 Bxe6) 31. Bxd4 cxd4 32. Qxd4 Bxe6 33. a3 Rd8 34. Qe5 Bxc4 35. f5 {[#]} (35. Qxa5 {might work better.} b5 36. g4) 35... Qxh6 $1 {[%mdl 512]} 36. Re1 (36. Rxh6 Rd1#) 36... Qd2 {( -> ...Qd1+!)} 37. b3 Bxb3 {Accuracy: White = 28%, Black = 55%.} 0-1

[Event "POL-chT 2 Liga 2019"]
[Site "Poronin"]
[Date "2019.09.09"]
[Round "3.51"]
[White "Chalupnik, Marcin"]
[Black "Cajbel, Maciej"]
[Result "1/2-1/2"]
[WhiteElo "2178"]
[BlackElo "2199"]
[Annotator "TA"]
[PlyCount "57"]
[EventDate "2019.09.07"]
[EventType "team-tourn"]
[EventCountry "POL"]
[SourceTitle "playchess.com"]
[Source "ChessBase"]
[SourceQuality "1"]

{[%evp 22,57,26,0,30,24,20,15,47,47,39,7,8,0,0,0,0,0,19,0,24,14,20,15,84,39,52,27,58,0,64,39,16,-29,0,0,0,0]} 1. e4 c5 2. Nf3 Nc6 3. d4 cxd4 4. Nxd4 g6 5. c4 Bg7 6. Nc2 Nf6 7. Nc3 O-O 8. Be2 d6 9. O-O Nd7 10. Bd2 Nc5 11. b4 Ne6 12. Rb1 Ned4 {B37: Sicilian: Maroczy Bind with 5...Bg7, sidelines} (12... a5 13. b5 Ncd4 14. Nxd4 Nxd4 15. Na4 e5 16. Be3 Be6 17. Bd3 Rc8 18. Rc1 Kh8 19. Re1 Qc7 20. Qd2 {1-0 (47) Gajewski,G (2621)-Mista,A (2588) Germany 2016}) 13. Nxd4 Nxd4 14. Bd3 f5 15. exf5 Bxf5 16. Bxf5 Rxf5 17. Nd5 Rc8 $146 ({Predecessor:} 17... b5 18. Ne3 bxc4 19. Nxc4 d5 20. Ne3 {0-1 (37) Runic,Z (2388)-Tomic,B (2409) Zupanja 2011}) 18. a4 e6 19. Ne3 Rh5 20. h3 Qh4 21. f4 e5 22. Be1 Qd8 (22... Qe7 $11 {keeps the balance.} 23. fxe5 Qxe5) 23. Bg3 Kh8 24. Qd3 Qd7 25. Nd5 (25. Kh2 $14) 25... Rf5 ({Black should play} 25... Qxa4 $11 26. fxe5 dxe5) 26. fxe5 dxe5 27. Rxf5 Qxf5 28. Qxf5 gxf5 29. c5 {Accuracy: White = 55%, Black = 11%.} 1/2-1/2

[Event "POL-chT 2 Liga 2019"]
[Site "Poronin"]
[Date "2019.09.09"]
[Round "3.52"]
[White "Puczylowski, Marcin"]
[Black "Kaim, Piotr"]
[Result "1/2-1/2"]
[WhiteElo "2115"]
[BlackElo "2181"]
[Annotator "TA"]
[PlyCount "99"]
[EventDate "2019.09.07"]
[EventType "team-tourn"]
[EventCountry "POL"]
[SourceTitle "playchess.com"]
[Source "ChessBase"]
[SourceQuality "1"]

{[%evp 20,99,45,21,49,0,3,-41,-11,-20,-10,0,8,1,0,0,48,41,45,38,72,70,89,91,90,74,64,29,67,64,70,51,70,70,88,70,70,70,70,70,70,70,110,110,110,110,110,110,110,110,110,110,110,0,110,110,110,110,110,110,110,87,110,72,87,72,79,72,72,72,103,103,103,103,103,0,103,103,103,103,101,54]} 1. e4 c6 2. d4 d5 3. exd5 cxd5 4. c4 Nf6 5. Nc3 g6 6. cxd5 Bg7 7. Bb5+ Nbd7 8. d6 exd6 9. Qe2+ Qe7 10. Bf4 Qxe2+ 11. Bxe2 (11. Ngxe2 {with more complications.} Ke7 12. O-O Nb6 13. Rfe1 Be6 14. Rad1) 11... O-O {B14: Caro-Kann: Panov-Botvinnik Attack with 5...e6 and 5...g6} 12. Bxd6 Re8 13. O-O-O Nb6 {[%cal Bd7b6,Bb6a4,Ba4c3][%mdl 32] Black is slightly better.} 14. Nf3 {[#]} Bh6+ $146 ({Predecessor:} 14... Rxe2 15. Nxe2 Bf5 16. Bf4 Rc8+ 17. Kd2 Nc4+ 18. Ke1 Nxb2 19. Ra1 {0-1 (33) Frolyanov,D (2570)-Vitiugov,N (2734) Khanty-Mansiysk 2013}) 15. Kb1 Na4 16. Bd3 Nxc3+ 17. bxc3 Ne4 18. Bxe4 $1 Rxe4 19. Rhe1 $36 {[%mdl 2048] White is pushing.} Bf5 {[#] Threatens to win with ...Rxe1+.} 20. Kb2 $1 Rae8 21. Rxe4 Bxe4 22. Re1 f5 23. Re2 Re6 24. Bc5 b6 25. Ba3 Bf4 26. g3 Kf7 27. gxf4 {[#] Strongly threatening Ng5+.} Bxf3 28. Rxe6 Kxe6 $16 {[%mdl 4096] Endgame KB-KB} 29. c4 {[%cal Bc3c4,Bc4b5][%mdl 32]} a6 30. Kc3 b5 31. d5+ Kd7 32. cxb5 Bxd5 33. bxa6 Bxa2 34. Kd4 {White threatens a7 and mate.} Ke6 35. Kc5 Bd5 36. Kd4 ({Better is} 36. a7 $16) 36... Be4 (36... Ba2 $1 $11 {remains equal.}) 37. a7 Bf3 38. Ke3 Be4 39. Ke2 Bd5 40. Kf1 Bf3 41. Kg1 Kd7 42. h3 Kc8 43. Kh2 Kb7 44. Bc5 Be2 45. Kg3 Ka8 46. Kh4 Bf1 47. Kg3 Be2 48. h4 {White is better.} Kb7 49. f3 Bd1 50. Bd4 {Accuracy: White = 52%, Black = 51%.} 1/2-1/2

[Event "POL-chT 2 Liga 2019"]
[Site "Poronin"]
[Date "2019.09.09"]
[Round "3.53"]
[White "Rams, Michal"]
[Black "Zurkowski, Andrzej"]
[Result "1/2-1/2"]
[WhiteElo "2175"]
[BlackElo "2029"]
[Annotator "TA"]
[PlyCount "41"]
[EventDate "2019.09.07"]
[EventType "team-tourn"]
[EventCountry "POL"]
[SourceTitle "playchess.com"]
[Source "ChessBase"]
[SourceQuality "1"]

{[%evp 17,41,30,49,30,64,25,39,34,96,60,64,74,69,77,75,41,52,38,97,93,90,106,155,156,145,103]} 1. e4 c5 2. Nf3 e6 3. d4 cxd4 4. Nxd4 Nf6 5. Nc3 Bb4 6. e5 Nd5 7. Bd2 Nxc3 8. bxc3 Be7 9. Qg4 g6 10. Bd3 {B40: Sicilian: 2...e6, Unusual lines} a6 (10... Nc6 11. Nxc6 bxc6 12. O-O Qa5 13. Qf4 O-O 14. c4 Qc7 15. Rae1 f5 16. exf6 Qxf4 17. Bxf4 Rxf6 {½-½ (48) Halvax,G (2419)-Volkmann,F (2402) Austria 2017}) 11. h4 h5 12. Qg3 {White is slightly better.} Rg8 (12... d6 $14) 13. Kf1 $146 (13. Bf4 {is more complex.} Qc7 14. O-O b6 15. a4 Nc6 16. Nf3) ({Predecessor:} 13. f4 d6 14. exd6 Qxd6 15. Rb1 Nd7 16. Nf3 Bf6 17. O-O Nc5 {1-0 (38) Jansen,D (2159)-Egenolf,D (1959) Bad Homburg 2015}) 13... Nc6 14. Nxc6 dxc6 15. Rh3 Qc7 16. Re1 Bd7 17. Bg5 Qd8 (17... Bxg5 $14 18. Qxg5 c5) 18. Rb1 {Strongly threatening Bxe7.} Bxg5 19. hxg5 Qc7 20. Qf4 O-O-O 21. Re3 {Accuracy: White = 71%, Black = 46%.} ({Much less strong is} 21. Qxf7 $6 Qxe5 22. Qe7 Qa5 $14) 1/2-1/2

[Event "POL-chT 2 Liga 2019"]
[Site "Poronin"]
[Date "2019.09.09"]
[Round "3.54"]
[White "Kasperek, Joanna"]
[Black "Bednarska-Bzdega, Malgorzata"]
[Result "1-0"]
[WhiteElo "2045"]
[BlackElo "1991"]
[Annotator "NA RC"]
[PlyCount "89"]
[EventDate "2019.09.07"]
[EventType "team-tourn"]
[EventCountry "POL"]
[SourceTitle "playchess.com"]
[Source "ChessBase"]
[SourceQuality "1"]
[TimeControl "40/5400+30:1800+30"]

1. e4 {[%emt 0:00:00]} c5 {[%emt 0:00:00]} 2. c3 {[%emt 0:00:12]} g6 {[%emt 0:00:52]} 3. d4 {[%emt 0:00:46]} cxd4 {[%emt 0:00:34]} 4. cxd4 {[%emt 0:00:09]} d5 {[%emt 0:00:08]} 5. exd5 {[%emt 0:02:03]} Nf6 {[%emt 0:01:15]} 6. Nc3 {[%emt 0:00:45]} Bg7 {[%emt 0:00:34]} 7. Bb5+ {[%emt 0:00:56]} Nbd7 {[%emt 0:04:59]} 8. d6 {[%emt 0:00:38]} e6 {[%emt 0:05:46]} 9. Nf3 {[%emt 0:43:12]} O-O {[%emt 0:00:20]} 10. O-O {[%emt 0:01:57]} Nb6 {[%emt 0:07:35]} 11. Bf4 {[%emt 0:03:46]} Nfd5 {[%emt 0:15:40]} 12. Be5 {[%emt 0:04:30]} a6 {[%emt 0:19:38]} 13. Bd3 {[%emt 0:01:09]} Bd7 {[%emt 0:00:22]} 14. a3 {[%emt 0:12:54]} Bc6 {[%emt 0:03:21]} 15. Ne4 {[%emt 0:01:33]} Re8 {[%emt 0:08:18]} 16. h4 {[%emt 0:02:00]} f6 {[%emt 0:06:32]} 17. Bh2 {[%emt 0:00:43]} Bf8 {[%emt 0:00:15]} 18. h5 {[%emt 0:01:51]} g5 {[%emt 0:01:56]} 19. Re1 {[%emt 0:04:49]} Nc8 {[%emt 0:11:03]} 20. Nc5 {[%emt 0:01:21]} Bxd6 {[%emt 0:03:49]} 21. Nxe6 {[%emt 0:00:14]} Bxh2+ {[%emt 0:00:07]} 22. Nxh2 {[%emt 0:00:04]} Qe7 {[%emt 0:02:19]} 23. Nc5 {[%emt 0:06:26]} Qf7 {[%emt 0:00:13]} 24. Rxe8+ {[%emt 0:01:26]} Qxe8 {[%emt 0:00:09]} 25. h6 {[%emt 0:00:32]} Nd6 {[%emt 0:00:28]} 26. Ng4 {[%emt 0:01:07]} Qf8 {[%emt 0:00:39]} 27. Ne4 {[%emt 0:04:16]} Nxe4 {[%emt 0:00:50]} 28. Bxe4 {[%emt 0:00:05]} f5 {[%emt 0:00:14]} 29. Bxd5+ {[%emt 0:00:21]} Bxd5 {[%emt 0:00:04]} 30. Qd2 {[%emt 0:01:55]} Qd8 {[%emt 0:01:35]} 31. Ne3 {[%emt 0:00:40]} f4 {[%emt 0:00:55]} 32. Nxd5 {[%emt 0:01:41]} Qxd5 {[%emt 0:00:05]} 33. Re1 {[%emt 0:00:21]} Qd6 {[%emt 0:00:15]} 34. Qd3 {[%emt 0:01:21]} Qxh6 {[%emt 0:02:22]} 35. Qb3+ {[%emt 0:00:14]} Kh8 {[%emt 0:00:15]} 36. Qxb7 {[%emt 0:00:05]} Rd8 {[%emt 0:00:46]} 37. Qe7 {[%emt 0:01:01]} Rc8 {[%emt 0:03:07]} 38. d5 {[%emt 0:00:37]} g4 {[%emt 0:00:19]} 39. d6 {[%emt 0:00:34]} g3 {[%emt 0:00:04]} 40. fxg3 {[%emt 0:00:00]} fxg3 {[%emt 0:00:00]} 41. Qe5+ {[%emt 0:04:20]} Kg8 {[%emt 0:06:25]} 42. Qxg3+ {[%emt 0:00:11]} Kh8 {[%emt 0:00:06]} 43. Qe5+ {[%emt 0:08:46]} Kg8 {[%emt 0:00:10]} 44. d7 {[%emt 0:00:28]} Rf8 {[%emt 0:00:58]} 45. Qd5+ {[%emt 0:00:47]} 1-0

[Event "POL-chT 2 Liga 2019"]
[Site "Poronin"]
[Date "2019.09.10"]
[Round "4.1"]
[White "Pakleza, Zbigniew"]
[Black "Oglaza, Oskar"]
[Result "1-0"]
[WhiteElo "2491"]
[BlackElo "2351"]
[Annotator "ChessBase"]
[PlyCount "57"]
[EventDate "2019.09.07"]
[EventType "team-tourn"]
[EventCountry "POL"]
[SourceTitle "playchess.com"]
[Source "ChessBase"]
[SourceQuality "1"]
[TimeControl "40/5400+30:1800+30"]

1. Nf3 {[%emt 0:00:00]} Nf6 {[%emt 0:00:00]} 2. c4 {[%emt 0:00:00]} c6 {[%emt 0:00:00]} 3. Nc3 {[%emt 0:02:19]} d5 {[%emt 0:00:01]} 4. e3 {[%emt 0:01:19]} e6 {[%emt 0:00:11]} 5. b3 {[%emt 0:00:48]} Nbd7 {[%emt 0:01:46]} 6. Bb2 {[%emt 0:01:15]} Be7 {[%emt 0:03:08]} 7. d4 {[%emt 0:01:32]} b6 {[%emt 0:00:24]} 8. Bd3 {[%emt 0:01:40]} Bb7 {[%emt 0:00:22]} 9. O-O {[%emt 0:00:05]} O-O {[%emt 0:06:29]} 10. Qe2 {[%emt 0:03:59]} Qc7 {[%emt 0:11:30]} 11. Rac1 {[%emt 0:08:35]} Rad8 {[%emt 0:04:08]} 12. h3 {[%emt 0:02:40]} Rfe8 {[%emt 0:17:37]} 13. Rfd1 {[%emt 0:08:05]} Qb8 {[%emt 0:11:17]} 14. a3 {[%emt 0:04:40]} c5 {[%emt 0:07:09]} 15. cxd5 {[%emt 0:02:26]} Nxd5 {[%emt 0:00:08]} 16. Bb5 {[%emt 0:11:33]} Rf8 {[%emt 0:11:35]} 17. Nxd5 {[%emt 0:21:40]} exd5 {[%emt 0:06:06]} 18. dxc5 {[%emt 0:02:00]} Bxc5 {[%emt 0:06:15]} 19. Nd4 {[%emt 0:04:40]} Ne5 {[%emt 0:03:09]} 20. Nf5 {[%emt 0:02:44]} Bc8 {[%emt 0:02:11]} 21. Qc2 {[%emt 0:09:07]} Be6 {[%emt 0:01:34]} 22. b4 {[%emt 0:01:30]} Bd6 {[%emt 0:00:06]} 23. Nxd6 {[%emt 0:03:40]} Qxd6 {[%emt 0:00:08]} 24. f4 {[%emt 0:00:17]} Ng6 {[%emt 0:03:40]} 25. f5 {[%emt 0:00:21]} Nh4 {[%emt 0:00:01]} 26. fxe6 {[%emt 0:00:15]} fxe6 {[%emt 0:00:38]} 27. Qc7 {[%emt 0:00:42]} Qxc7 {[%emt 0:00:57]} 28. Rxc7 {[%emt 0:00:03]} d4 {[%emt 0:00:05]} 29. Rxd4 {[%emt 0:00:37]} 1-0